000 00729cam a22002653a 4500
001 25433
003 PGUSA
005 20140828083539.0
008 080511s2008||||xxu|||||s|||||000 | eng d
040 _aPGUSA
_beng
042 _adc
050 4 _aPZ
100 1 _aAesop
245 1 4 _aThe Baby's Own Aesop
_h[electronic resource] /
_cAesop
260 _bProject Gutenberg,
_c2008
506 _aPublic domain in the USA.
516 _aElectronic text
653 _aFables, Greek -- Adaptations
653 _aFables
700 1 _aLinton, W. J.
_q(William James),
_d1812-1897
700 1 _aEvans, Edmund,
_d1826-1905
830 0 _aProject Gutenberg
_v25433
856 4 0 _uhttp://www.gutenberg.org/ebooks/25433
942 _cEB
999 _c254688
_d254688